Countries Shrinking the Most by 2070 - Statistics

General Stats
  • This quiz has been taken 19,464 times
  • The average score is 13 of 20
Answer Stats
% Country % Correct
27.2 Japan
89%
23.4 China
82%
30.2 South Korea
77%
28.0 Ukraine
77%
24.4 Italy
72%
23.8 Greece
71%
21.3 Romania
71%
25.6 Poland
70%
34.0 Serbia
70%
37.5 Bulgaria
69%
22.0 Estonia
68%
33.6 Latvia
68%
31.1 Lithuania
68%
29.6 Croatia
67%
20.8 Belarus
66%
29.9 Albania
65%
27.6 Bosnia and Herzegovina
65%
21.0 North Macedonia
62%
23.9 Cuba
32%
32.2 Jamaica
26%
No matching quizzes found
Score Distribution
Percent of People with Each Score
Percentile by Number Answered
Your Score History
You have not taken this quiz